A-Z: words ending in D - Statistics

General Stats
  • This quiz has been taken 95 times
  • The average score is 16 of 26
Answer Stats
Initial letter Clue Word ending in D % Correct
C A commonly-eaten fish Cod
96%
F Good companion Friend
96%
H Difficult; or not soft Hard
95%
M Insane Mad
93%
R Scarlet Red
92%
K Young goat Kid
90%
B Low quality Bad
88%
J Said something funny Joked
83%
A Conjuction meaning "In addition to" And
82%
O Belonging to the past; long-lived Old
76%
G An insatiable thirst for more Greed
71%
Q Slang for pound sterling Quid
69%
D Great fear Dread
68%
X Photocopied Xeroxed
67%
U Procedure using high-frequency waves to make an image of the inside of a body Ultrasound
58%
Y To give in; or to give out Yield
57%
E To increase the length of Extend
56%
V Masked, subtle Veiled
45%
W The side or direction from which the breeze is blowing Windward
38%
N Heading towards the Arctic Northbound
31%
I To have as one's purpose, aim or plan Intend
30%
L List of leading players in a golf tournament Leaderboard
30%
P Foretell doom; be a bad omen Portend
21%
T Transformed in a surprising or magical manner Transmogrified
8%
Z One sextillionth of a sixtieth of a minute Zeptosecond
7%
S Made to sound dramatic; hyped up Sensationalized
6%
No matching quizzes found
Score Distribution
Percent of People with Each Score
Percentile by Number Answered
Your Score History
You have not taken this quiz